000 00637nam a2200241Ia 4500
001 19398
005 20240113235928.0
007 ta
008 060208s1970 a g b000 u be u
040 _aCotton College Assam
041 _abe
082 _a891.443
_bB 223 N
100 _aBandopadhya, Tarasankar .
245 0 _a1971 /
_cTarasankar Bandopadhya.
_hTextual Documents
250 _a1st ed. /
260 _aCalcutta :
_bMitra & Ghosh publishers ,
_c1970.
300 _a178p. :
_bill ;
_c22cm .
653 _aBengali Fiction
653 _aMS-Bengali
942 _2ddc
_cBK
999 _c19380
_d19380